Statistics for F1 Drivers For Williams

Click here to take the quiz!

General Stats

  • This quiz has been taken 72 times
  • The average score is 24 of 43

Answer Stats

Years DrivingDriver% Correct
2020-2021Nicholas Latifi
97%
2019-2021George Russell
95%
1994Ayrton Senna
87%
2012Bruno Senna
87%
2019Robert Kubica
84%
1993-1996Damon Hill
82%
2014-2017Felipe Massa
82%
1982-1985Keke Rosberg
82%
2006-2009Nico Rosberg
82%
1985-1988/1991-1992/1994Nigel Mansell
81%
1993Alain Prost
79%
2013-2016Valteri Bottas
79%
1996-1998Jacques Villeneuve
77%
2017-2018Lance Stroll
74%
1999-2004Ralf Schumacher
73%
2011-2013Pastor Maldonado
71%
2018Sergey Sirotkin
71%
1978-1981Alan Jones
69%
2001-2004Juan Pablo Montoya
69%
2000Jenson Button
68%
1986-1987Nelson Piquet
68%
1994-1995David Coulthard
61%
1997-1998Heinz-Harald Frentzen
61%
2010-2011Rubens Barrichello
56%
1987-1992Riccardo Patrese
53%
1980-1982Carlos Reutemann
47%
2005-2006Mark Webber
45%
2005Nick Heidfeld
45%
1989-1990Thierry Boutsen
45%
2007-2009Kazuki Nakajima
44%
2017Paul Di Resta
39%
1979Clay Regazzoni
35%
1988Martin Brundle
34%
1999Alessandro Zanardi
32%
2003-2004Marc Gene
29%
1982Mario Andretti
29%
1983-1984Jacques Laffite
24%
2004-2005Antonio Pizzonia
23%
1988Jean-Louis Schlesser
18%
1982Derek Daly
16%
1983Jonathan Palmer
13%
1977Patrick Neve
13%
2007Alexander Wurtz
5%

Score Distribution

Percentile by Number Answered

Percent of People with Each Score

Your Score History

You have not taken this quiz